| 000 | 00782nam a22001577a 4500 | ||
|---|---|---|---|
| 003 | OSt | ||
| 005 | 20150915160744.0 | ||
| 008 | 150915b xxu||||| |||| 00| 0 eng d | ||
| 040 | _cRUA | ||
| 082 | _aAGR HAO 2002 B028 Or.1 | ||
| 100 |
_9538 _aHAO, PHA. |
||
| 245 | _aImpact of world vision cambodia development works in oudong district kompong speu province on thae target groups ឥទ្ធិពលនៃការងារអភិវឌ្ឍន៍របស់អង្គការទស្សនៈពិភពលោកកម្ពុជា ស្រុកឧដ្ដុង ខេត្ដកំពង់ស្ពឺ ទៅលើក្រុមគោដៅរបស់អង្គការ | ||
| 260 |
_aPhnom Penh _bRUA _c2002 |
||
| 300 |
_a72p. _bill. _c29cm. |
||
| 942 |
_2ddc _cAGR |
||
| 999 |
_c518 _d518 |
||